000 00717nam a2200193Ii 4500
003 JO-AjNU
008 230605s9999||||xx |||||||||||||| ||und||
040 _aJO-AjNU
_bara
_erda
_cJO-AjNU
041 _aara
050 1 4 _aHG211.S2576 1983
100 3 _aسلامة، رمزي/م.مشارك: محمود يونس ، عبد النعيم مبارك,
_eauthor
_913460
245 0 0 _aمبادىء في اقتصاديات النقود والبنوك
264 3 1 _aالاسكندرية: مؤسسة شباب الجامعة، 1983
300 _a207ص
336 _atext
_btxt
_2rdacontent
337 _aunmediated
_bn
_2rdamedia
338 _avolume
_bnc
_2rdacarrier
650 4 _aالنقود- جوانب اقتصادية
_913461
999 _aA3357
_c6925
_d6925